| 000 | 00870nam a2200265 a 4500 | ||
|---|---|---|---|
| 001 | 75114 | ||
| 003 | BD-RjUL | ||
| 005 | 20211209082641.0 | ||
| 008 | 960208s1960 enk 000 0 eng d | ||
| 035 | _a(BD-RjUL)75332 | ||
| 040 |
_aBD-RjUL _beng _cBD-RjUL |
||
| 041 | _aeng | ||
| 082 |
_223 _a548.83 _bHEI 1960 |
||
| 100 | 1 |
_aHenry, N. F. M. _q(Norman Fordyce McKerron) _9227239 |
|
| 245 | 1 | 4 |
_aThe interpretation of X-ray diffraction photographs / _cby N.F.M. Henry, H. Lipson and W.A. Wooster. |
| 250 | _a[2nd ed.] | ||
| 260 |
_aLondon : _bMacmillan, _c1960. |
||
| 300 |
_ax, 282 p. : _bill. ; _c25 cm. |
||
| 504 | _aIncludes Bibliographical reference and Index | ||
| 650 | 0 |
_aX-rays _xDiffraction. _9227240 |
|
| 650 | 0 |
_aCrystallography. _9227241 |
|
| 700 | 1 |
_aLipson, H. _q(Henry) _9227244 |
|
| 700 | 1 |
_aWooster, W. A. _q(William Alfred) _9227245 |
|
| 942 |
_2ddc _cBK |
||
| 999 |
_c75114 _d75114 |
||